Statistiques concernant Meilleur Buteur par Pays en Coupe du Monde de Football

Cliquez ici pour prendre le quiz!

Statistiques générales

  • Ce quiz a été pris 167 fois
  • Le résultat moyen est 31 sur 80

Statistiques - réponses

Réponse% Correct
Argentine
99%
Brésil
98%
Allemagne
97%
France
95%
Italie
89%
Espagne
87%
Portugal
85%
Croatie
81%
Belgique
80%
Colombie
76%
Angleterre
73%
Corée du Sud
72%
Equateur
70%
Suède
69%
Egypte
67%
Côte d'Ivoire
66%
Irlande
66%
Tunisie
65%
Ukraine
65%
Bosnie-Herzégovine
62%
Maroc
62%
Mexique
61%
Arabie Saoudite
60%
Grèce
60%
Japon
60%
Serbie
60%
Algérie
59%
Canada
58%
Hongrie
56%
Australie
52%
Bulgarie
52%
Etats-Unis
52%
Cameroun
50%
Ghana
50%
Corée du Nord
49%
Iran
48%
Islande
48%
Nigeria
48%
Sénégal
39%
Roumanie
38%
République Tchèque
37%
Chili
32%
Turquie
32%
Uruguay
30%
Russie
28%
URSS
28%
Danemark
26%
Pérou
26%
Yougoslavie
26%
Pologne
24%
Tchécoslovaquie
23%
Slovénie
18%
Pays-Bas
16%
Slovaquie
16%
Paraguay
15%
Irlande du Nord
13%
Nouvelle-Zélande
13%
Afrique du Sud
12%
RDA
12%
Autriche
11%
Emirats Arabes Unis
8%
Costa Rica
7%
Ecosse
7%
Koweït
7%
Honduras
5%
Qatar
5%
Suisse
5%
Serbie-et-Monténégro
4%
Angola
3%
Norvège
3%
Panama
3%
Cuba
2%
Irak
2%
Togo
2%
Bolivie
1%
Haïti
1%
Israël
1%
Jamaïque
1%
Pays de Galles
1%
Salvador
1%

Distribution des résultats

Percentile par nombre de réponses

% des personnes avec chaque résultat

Votre développement - résultats

Vous n’avez pas pris ce quiz